[Event "SRB-chT Premier"]
[Site "Vrnjacka Banja"]
[Date "2022.09.25"]
[Round "6.3"]
[White "Markovic, Miroslav"]
[Black "Krstic, Petar"]
[Result "1/2-1/2"]
[WhiteElo "2275"]
[BlackElo "2290"]
[PlyCount "24"]
[EventDate "2022.09.20"]
[EventType "team-tourn"]
[EventRounds "11"]
[EventCountry "SRB"]
[SourceTitle "CBM 210 Extra"]
[Source "ChessBase"]
[SourceDate "2022.11.30"]
[SourceVersion "1"]
[SourceVersionDate "2022.11.30"]
[SourceQuality "1"]
[WhiteTeam "Kac Jugovic"]
[BlackTeam "Subotica Spartak"]
[WhiteTeamCountry "SRB"]
[BlackTeamCountry "SRB"]

1. e4 c6 2. d3 d5 3. Nd2 g6 4. Ngf3 Bg7 5. g3 e5 6. Bg2 Ne7 7. 0-0 0-0 8. c3 Re8 9. d4 exd4 10. Nxd4 Nd7 11. Qc2 Nc5 12. exd5 Nxd5 1/2-1/2

[Event "Gligoric Cup 8th"]
[Site "Paracin"]
[Date "2022.06.03"]
[Round "5.1"]
[White "Stankovic, Milos"]
[Black "Markovic, Miroslav"]
[Result "1/2-1/2"]
[WhiteElo "2430"]
[BlackElo "2271"]
[PlyCount "38"]
[EventDate "2022.05.31"]
[EventType "team-swiss"]
[EventRounds "5"]
[EventCountry "SRB"]
[SourceTitle "CBM 208 Extra"]
[Source "ChessBase"]
[SourceDate "2022.07.31"]
[SourceVersion "1"]
[SourceVersionDate "2022.07.31"]
[SourceQuality "1"]
[WhiteTeam "Goracici Jelica"]
[BlackTeam "Kac Jugovic"]
[WhiteTeamCountry "SRB"]
[BlackTeamCountry "SRB"]

1. e4 c5 2. Nf3 Nc6 3. Bb5 Nf6 4. Nc3 g6 5. 0-0 Bg7 6. Re1 0-0 7. e5 Ne8 8. Bxc6 dxc6 9. d3 Nc7 10. Ne4 b6 11. h3 Ne6 12. a4 a5 13. Neg5 Nc7 14. Be3 f6 15. exf6 exf6 16. Ne4 f5 17. Bg5 Qd7 18. Nc3 Ne6 19. Qd2 Nxg5 1/2-1/2

[Event "Gligoric Cup 8th"]
[Site "Paracin"]
[Date "2022.05.31"]
[Round "1.3"]
[White "Kandjolas, Konstantin"]
[Black "Markovic, Miroslav"]
[Result "1/2-1/2"]
[WhiteElo "2031"]
[BlackElo "2271"]
[PlyCount "65"]
[EventDate "2022.05.31"]
[EventType "team-swiss"]
[EventRounds "5"]
[EventCountry "SRB"]
[SourceTitle "CBM 208 Extra"]
[Source "ChessBase"]
[SourceDate "2022.07.31"]
[SourceVersion "1"]
[SourceVersionDate "2022.07.31"]
[SourceQuality "1"]
[WhiteTeam "Bozevac Zadrugar"]
[BlackTeam "Kac Jugovic"]
[WhiteTeamCountry "SRB"]
[BlackTeamCountry "SRB"]

1. d4 Nf6 2. c4 g6 3. Nc3 Bg7 4. e4 d6 5. Nf3 0-0 6. Be2 Bg4 7. Be3 Nfd7 8. Rc1 e5 9. d5 a5 10. Nd2 Bxe2 11. Qxe2 f5 12. f3 Bh6 13. 0-0 Bxe3+ 14. Qxe3 Na6 15. a3 f4 16. Qe2 Qh4 17. Rb1 g5 18. b4 axb4 19. axb4 Rf6 20. Qf2 Qxf2+ 21. Kxf2 h5 22. h3 Kf7 23. Nb5 Rg8 24. c5 dxc5 25. bxc5 Ndxc5 26. Nc4 Nd7 27. Nxc7 Nac5 28. Ke2 g4 29. hxg4 hxg4 30. Ne6 gxf3+ 31. gxf3 Rg2+ 32. Rf2 Rxf2+ 33. Kxf2 1/2-1/2

[Event "Arandjelovac ASK-12 GM"]
[Site "Arandjelovac"]
[Date "2022.03.17"]
[Round "6"]
[White "Bhambure, Shantanu"]
[Black "Markovic, Miroslav"]
[Result "1/2-1/2"]
[WhiteElo "2324"]
[BlackElo "2287"]
[PlyCount "28"]
[EventDate "2022.03.14"]
[EventType "tourn"]
[EventRounds "11"]
[EventCountry "SRB"]
[EventCategory "5"]
[SourceTitle "CBM 207 Extra"]
[Source "ChessBase"]
[SourceDate "2022.05.31"]
[SourceVersion "1"]
[SourceVersionDate "2022.05.31"]
[SourceQuality "1"]

1. d4 Nf6 2. c4 g6 3. Nc3 Bg7 4. e4 d6 5. h3 0-0 6. Be3 Nbd7 7. g4 c5 8. Nf3 Qa5 9. Qd2 a6 10. g5 Nh5 11. Nd5 Qd8 12. Be2 f5 13. gxf6 Nhxf6 14. Nc3 Qa5 1/2-1/2

[Event "Arandjelovac ASK-11 GM"]
[Site "Arandjelovac"]
[Date "2022.03.10"]
[Round "5"]
[White "Damljanovic, Branko"]
[Black "Markovic, Miroslav"]
[Result "1-0"]
[WhiteElo "2459"]
[BlackElo "2287"]
[PlyCount "96"]
[EventDate "2022.03.07"]
[EventType "tourn"]
[EventRounds "11"]
[EventCountry "SRB"]
[EventCategory "7"]
[SourceTitle "CBM 207 Extra"]
[Source "ChessBase"]
[SourceDate "2022.05.31"]
[SourceVersion "1"]
[SourceVersionDate "2022.05.31"]
[SourceQuality "1"]

1. d4 d6 2. e4 Nf6 3. Nc3 e5 4. Nf3 Nbd7 5. Bc4 Be7 6. 0-0 c6 7. a4 h6 8. a5 Qc7 9. b3 Nf8 10. Bb2 Ng6 11. h3 0-0 12. Bd3 Re8 13. Ne2 Nh5 14. Re1 Bf8 15. c4 Nhf4 16. Nxf4 Nxf4 17. Bf1 c5 18. d5 Bd7 19. Kh2 Be7 20. Nd2 Rf8 21. g3 Ng6 22. Bg2 Bg5 23. Nf3 Be7 24. Qe2 Rae8 25. Rf1 Bd8 26. Bc3 f5 27. exf5 Bxf5 28. Nd2 Ne7 29. Ne4 Bc8 30. b4 b6 31. axb6 axb6 32. bxc5 bxc5 33. Ra8 Nf5 34. Qa2 Rf7 35. Rb1 Bf6 36. Qa4 Ref8 37. Rbb8 Bd7 38. Rxf8+ Rxf8 39. Qa7 Qxa7 40. Rxa7 Be8 41. g4 Nh4 42. Nxd6 Bg6 43. Be4 Bg5 44. Nf5 Bxf5 45. gxf5 Bf4+ 46. Kg1 Nxf5 47. Bxf5 Rxf5 48. Rc7 e4 1-0

[Event "Arandjelovac ASK-11 GM"]
[Site "Arandjelovac"]
[Date "2022.03.08"]
[Round "3"]
[White "Siddharth, Jagadeesh"]
[Black "Markovic, Miroslav"]
[Result "1/2-1/2"]
[WhiteElo "2343"]
[BlackElo "2287"]
[PlyCount "30"]
[EventDate "2022.03.07"]
[EventType "tourn"]
[EventRounds "11"]
[EventCountry "SRB"]
[EventCategory "7"]
[SourceTitle "CBM 207 Extra"]
[Source "ChessBase"]
[SourceDate "2022.05.31"]
[SourceVersion "1"]
[SourceVersionDate "2022.05.31"]
[SourceQuality "1"]

1. d4 d6 2. c4 g6 3. Nc3 Bg7 4. e4 Nf6 5. Bd3 e5 6. d5 0-0 7. Nge2 Nh5 8. Be3 f5 9. exf5 gxf5 10. Ng3 Nf4 11. Bxf4 exf4 12. Nh5 Be5 13. Qf3 Qg5 14. 0-0-0 Nd7 15. Ne2 b5 1/2-1/2

[Event "Arandjelovac ASK-6 IM"]
[Site "Arandjelovac"]
[Date "2022.02.27"]
[Round "9"]
[White "Averin, Nikolay"]
[Black "Markovic, Miroslav"]
[Result "0-1"]
[WhiteElo "2060"]
[BlackElo "2286"]
[PlyCount "140"]
[EventDate "2022.02.21"]
[EventType "swiss"]
[EventRounds "9"]
[EventCountry "SRB"]
[SourceTitle "CBM 207 Extra"]
[Source "ChessBase"]
[SourceDate "2022.05.31"]
[SourceVersion "1"]
[SourceVersionDate "2022.05.31"]
[SourceQuality "1"]

1. e4 e5 2. Nf3 Nc6 3. Bb5 Bb4 4. 0-0 Nge7 5. c3 Ba5 6. d4 exd4 7. Nxd4 0-0 8. Bg5 f6 9. Bf4 Nxd4 10. Qxd4 Bb6 11. Qd2 d5 12. exd5 Nxd5 13. Na3 c6 14. Bc4 Be6 15. Rfe1 Bf7 16. Rad1 Re8 17. Bb3 Rxe1+ 18. Rxe1 Bc7 19. Bg3 Bxg3 20. hxg3 Qd7 21. Qd4 Nb6 22. Qxd7 Nxd7 23. Bxf7+ Kxf7 24. Nc4 b5 25. Nd6+ Kf8 26. Nf5 Ne5 27. Rd1 g6 28. Nd4 Rc8 29. b4 Ke7 30. f3 h5 31. Nb3 Nc4 32. Kf2 Nb6 33. Nc5 Nd5 34. Rd3 Ra8 35. Na6 g5 36. Ke1 h4 37. gxh4 gxh4 38. Rd4 Rh8 39. c4 bxc4 40. Rxc4 Kd6 41. Nc5 h3 42. gxh3 Rxh3 43. Ne4+ Ke5 44. Rxc6 Rxf3 45. Nd2 Rh3 46. Rc5 f5 47. Ke2 Rh2+ 48. Kd3 Ke6 49. Nf3 Rh3 50. Kd4 Rxf3 51. Rxd5 Ra3 52. Rc5 Kf6 53. Rc2 Kg5 54. Rg2+ Kf4 55. b5 Ra4+ 56. Kc5 Kf3 57. Rc2 f4 58. b6 Ra5+ 59. Kc6 Ra6 60. Kb7 Rxb6+ 61. Kxa7 Rb1 62. Ka6 Ke3 63. a4 f3 64. a5 f2 65. Rxf2 Kxf2 66. Ka7 Ke3 67. a6 Kd4 68. Ka8 Kc5 69. a7 Kb6 70. Kb8 Rg1 0-1

[Event "Arandjelovac ASK-6 IM"]
[Site "Arandjelovac"]
[Date "2022.02.26"]
[Round "8"]
[White "Markovic, Miroslav"]
[Black "Heimisson, Hilmir Freyr"]
[Result "1-0"]
[WhiteElo "2286"]
[BlackElo "2312"]
[PlyCount "215"]
[EventDate "2022.02.21"]
[EventType "swiss"]
[EventRounds "9"]
[EventCountry "SRB"]
[SourceTitle "CBM 207 Extra"]
[Source "ChessBase"]
[SourceDate "2022.05.31"]
[SourceVersion "1"]
[SourceVersionDate "2022.05.31"]
[SourceQuality "1"]

1. e4 c6 2. Nf3 d5 3. exd5 cxd5 4. Ne5 Nc6 5. Bb5 Qb6 6. Nc3 e6 7. Qh5 g6 8. Qf3 f6 9. Nd3 Bd7 10. 0-0 d4 11. Bxc6 Bxc6 12. Qe2 dxc3 13. Qxe6+ Be7 14. dxc3 Bb5 15. Qh3 Kf7 16. Re1 Bxd3 17. cxd3 f5 18. Be3 Qc6 19. Bd4 Nf6 20. Re2 Rae8 21. Rae1 Bd8 22. g3 Rxe2 23. Rxe2 a6 24. Qh6 Re8 25. Rxe8 Qxe8 26. Bxf6 Bxf6 27. Qf4 Qb5 28. Qd2 Qd5 29. a3 Qf3 30. Qe3 Qd5 31. Qe2 g5 32. Qe3 Kg6 33. Qe8+ Qf7 34. Qc8 Qd5 35. Qe8+ Kg7 36. d4 Qc6 37. Qe2 Qd7 38. h3 Qe7 39. Qf3 Kg6 40. g4 fxg4 41. hxg4 Qc7 42. Qf5+ Kg7 43. Kg2 Qb6 44. Qd7+ Kg6 45. Qe8+ Kh6 46. Kf3 Qd6 47. Ke2 Kg7 48. Kd3 Qc7 49. Qe4 Qd7 50. f3 Kf8 51. Kc2 Qf7 52. Kd3 Kg7 53. Qf5 Qb3 54. Qd7+ Kh6 55. Qf5 Qd1+ 56. Kc4 Qa4+ 57. Kd3 Kg7 58. Ke3 Qc6 59. Kd3 Qe8 60. Kc2 Qf7 61. Kd3 h5 62. gxh5 Kh6 63. f4 gxf4 64. Qxf4+ Kxh5 65. a4 Kg6 66. b4 Qd7 67. Qe4+ Kg7 68. Kc4 Qc7+ 69. Kb3 Kf8 70. b5 a5 71. Qe6 Qf7 72. Qxf7+ Kxf7 73. Kc4 Ke6 74. Kd3 Kf5 75. Kc4 Ke6 76. Kd3 Bh4 77. Ke4 Kd6 78. c4 b6 79. Kd3 Bf2 80. Ke4 Ke6 81. Kd3 Kd6 82. Ke4 Ke6 83. Kd3 Bg1 84. Ke4 Kd6 85. Kd3 Bh2 86. Ke4 Bg3 87. Kd3 Bh4 88. Ke4 Be7 89. Kf5 Bf8 90. Kf6 Be7+ 91. Kf5 Bd8 92. Ke4 Bf6 93. Kd3 Be7 94. Ke4 Ke6 95. Kf4 Bh4 96. Ke4 Bf2 97. Kd3 Kf5 98. c5 bxc5 99. dxc5 Ke6 100. Kc4 Be3 101. b6 Kd7 102. Kb5 Kc8 103. c6 Bd2 104. Ka6 Kb8 105. c7+ Kc8 106. b7+ Kxc7 107. Ka7 Be3+ 108. Ka8 1-0

[Event "Novi Sad TS Mix 240th"]
[Site "Novi Sad"]
[Date "2022.02.20"]
[Round "9"]
[White "Markovic, Miroslav"]
[Black "Rosh, Jain"]
[Result "0-1"]
[WhiteElo "2286"]
[BlackElo "1987"]
[PlyCount "40"]
[EventDate "2022.02.15"]
[EventType "swiss"]
[EventRounds "9"]
[EventCountry "SRB"]
[SourceTitle "CBM 207 Extra"]
[Source "ChessBase"]
[SourceDate "2022.05.31"]
[SourceVersion "1"]
[SourceVersionDate "2022.05.31"]
[SourceQuality "1"]

1. Nf3 d5 2. d3 Nf6 3. Nbd2 Nc6 4. c3 e5 5. e4 a5 6. Be2 Be6 7. Qc2 Bc5 8. h3 Ba7 9. Nf1 d4 10. g4 Qd6 11. Ng3 g6 12. Bh6 Rg8 13. 0-0 Nd7 14. Rac1 0-0-0 15. Ng5 f5 16. Nxe6 Qxe6 17. cxd4 Bxd4 18. exf5 gxf5 19. Be3 Nf6 20. gxf5 Rxg3+ 0-1

[Event "Novi Sad TS Mix 240th"]
[Site "Novi Sad"]
[Date "2022.02.17"]
[Round "4"]
[White "Markovic, Miroslav"]
[Black "Zakhartsov, Vladimir"]
[Result "1/2-1/2"]
[WhiteElo "2286"]
[BlackElo "2531"]
[PlyCount "31"]
[EventDate "2022.02.15"]
[EventType "swiss"]
[EventRounds "9"]
[EventCountry "SRB"]
[SourceTitle "CBM 207 Extra"]
[Source "ChessBase"]
[SourceDate "2022.05.31"]
[SourceVersion "1"]
[SourceVersionDate "2022.05.31"]
[SourceQuality "1"]

1. e4 c5 2. c3 Nf6 3. e5 Nd5 4. d4 cxd4 5. Nf3 e6 6. cxd4 d6 7. a3 Bd7 8. Bd3 Bc6 9. 0-0 Nd7 10. b4 a6 11. Qe2 Be7 12. Bd2 0-0 13. Rc1 N7b6 14. h4 Qd7 15. Ng5 h6 16. Nh7 1/2-1/2

[Event "Novi Sad TS Mix 240th"]
[Site "Novi Sad"]
[Date "2022.02.15"]
[Round "1"]
[White "Markovic, Miroslav"]
[Black "Gorshtein, Ido"]
[Result "1/2-1/2"]
[WhiteElo "2286"]
[BlackElo "2456"]
[PlyCount "127"]
[EventDate "2022.02.15"]
[EventType "swiss"]
[EventRounds "9"]
[EventCountry "SRB"]
[SourceTitle "CBM 207 Extra"]
[Source "ChessBase"]
[SourceDate "2022.05.31"]
[SourceVersion "1"]
[SourceVersionDate "2022.05.31"]
[SourceQuality "1"]

1. e4 c6 2. d4 d5 3. exd5 cxd5 4. Bd3 Nf6 5. c3 Bg4 6. Ne2 e6 7. 0-0 Bd6 8. h3 Bh5 9. Qa4+ Nbd7 10. Nf4 Bg6 11. Nxg6 hxg6 12. Re1 Qc7 13. Bg5 Kf8 14. Nd2 Bh2+ 15. Kf1 Bf4 16. Bxf4 Qxf4 17. Re3 g5 18. g3 Qd6 19. Kg2 g6 20. Nf3 g4 21. hxg4 Nxg4 22. Ree1 Kg7 23. Rh1 Ndf6 24. Qc2 Rh5 25. Rxh5 Nxh5 26. Qe2 Qe7 27. Rh1 Nhf6 28. Ne5 Nxe5 29. Qxe5 Rc8 30. g4 Qc7 31. Qg5 Ng8 32. Qe3 Kf8 33. g5 Ne7 34. Rh7 Rd8 35. Qf3 Nf5 36. Bxf5 exf5 37. Qe3 Qd6 38. f4 b5 39. Rh1 a5 40. Kf3 b4 41. cxb4 axb4 42. Qe1 Qb8 43. Rh8+ Kg7 44. Rxd8 Qxd8 45. Qxb4 Qe8 46. Qd2 Qe4+ 47. Kf2 Qh1 48. a4 Qh2+ 49. Ke3 Qg3+ 50. Ke2 Qb3 51. a5 f6 52. gxf6+ Kxf6 53. Kf2 Kg7 54. Qe2 Kh6 55. a6 Qb6 56. Qe5 Qxb2+ 57. Kg3 Kh7 58. Qe7+ Kh6 59. Qe5 Kh7 60. Qxd5 Qa3+ 61. Kh4 Qe7+ 62. Kg3 Qa3+ 63. Kh4 Qe7+ 64. Kh3 1/2-1/2

[Event "Novi Sad TS Mix 237th"]
[Site "Novi Sad"]
[Date "2022.02.10"]
[Round "5"]
[White "Markovic, Miroslav"]
[Black "Drazic, Sinisa"]
[Result "1/2-1/2"]
[WhiteElo "2286"]
[BlackElo "2303"]
[PlyCount "26"]
[EventDate "2022.02.08"]
[EventType "swiss"]
[EventRounds "9"]
[EventCountry "SRB"]
[SourceTitle "CBM 207 Extra"]
[Source "ChessBase"]
[SourceDate "2022.05.31"]
[SourceVersion "1"]
[SourceVersionDate "2022.05.31"]
[SourceQuality "1"]

1. e4 d5 2. exd5 Nf6 3. Nf3 Nxd5 4. Be2 g6 5. d4 Bg7 6. 0-0 0-0 7. h3 Nd7 8. c4 N5f6 9. Nc3 b6 10. Bf4 a6 11. Re1 Bb7 12. Qd2 e6 13. Rad1 Re8 1/2-1/2

[Event "Novi Sad TS Mix 227th"]
[Site "Novi Sad"]
[Date "2021.12.05"]
[Round "9"]
[White "Markovic, Miroslav"]
[Black "Gorshtein, Ido"]
[Result "1/2-1/2"]
[WhiteElo "2302"]
[BlackElo "2417"]
[PlyCount "48"]
[EventDate "2021.11.30"]
[EventType "swiss"]
[EventRounds "9"]
[EventCountry "SRB"]
[SourceTitle "EXT 2023"]
[Source "ChessBase"]
[SourceDate "2022.10.05"]
[SourceVersion "1"]
[SourceVersionDate "2022.10.05"]
[SourceQuality "1"]

1. e4 c6 2. d4 d5 3. e5 Bf5 4. Nd2 e6 5. Nb3 Nd7 6. Nf3 a6 7. Be2 c5 8. dxc5 Bxc5 9. 0-0 Rc8 10. Nxc5 Nxc5 11. c4 dxc4 12. Qxd8+ Rxd8 13. Bxc4 Bd3 14. Bxd3 Nxd3 15. b3 Ne7 16. Ba3 Rd5 17. Nd2 Nf5 18. Ne4 Rxe5 19. Rfd1 Rxe4 20. Rxd3 Rd4 21. Rc3 Ne7 22. Rg3 Rg8 23. Bb2 Rd2 24. Bxg7 Rc2 1/2-1/2

[Event "Novi Sad TS Mix 227th"]
[Site "Novi Sad"]
[Date "2021.12.04"]
[Round "8"]
[White "Markovic, Miroslav"]
[Black "Nitin, Senthilvel"]
[Result "1-0"]
[WhiteElo "2302"]
[BlackElo "2403"]
[PlyCount "109"]
[EventDate "2021.11.30"]
[EventType "swiss"]
[EventRounds "9"]
[EventCountry "SRB"]
[SourceTitle "EXT 2023"]
[Source "ChessBase"]
[SourceDate "2022.10.05"]
[SourceVersion "1"]
[SourceVersionDate "2022.10.05"]
[SourceQuality "1"]

1. e4 c5 2. Nf3 d6 3. Bb5+ Nd7 4. 0-0 a6 5. Bd3 Ngf6 6. Re1 g6 7. c4 Bg7 8. Nc3 0-0 9. h3 Rb8 10. Bf1 Ne5 11. Nxe5 dxe5 12. d3 Ne8 13. Be3 b6 14. a3 Nc7 15. b4 Ne6 16. Rb1 Bd7 17. Nd5 Re8 18. bxc5 bxc5 19. Rxb8 Qxb8 20. Qa1 Nd4 21. Rb1 Qa7 22. Qb2 e6 23. Nc3 Bf8 24. Be2 Bc6 25. Bd1 Qd7 26. Qb6 f5 27. Qa5 Be7 28. Bh6 Ra8 29. Qb6 Bd6 30. Qa5 Qa7 31. Ne2 fxe4 32. Nxd4 exd4 33. Qe1 Bf8 34. Bd2 Rb8 35. Bg4 Rxb1 36. Qxb1 Kf7 37. dxe4 Qb7 38. Qxb7+ Bxb7 39. Bf3 d3 40. Kf1 a5 41. Bd1 Ba6 42. Bb3 a4 43. Ba2 Ke7 44. e5 Kd7 45. f4 Be7 46. Kf2 h5 47. g3 h4 48. g4 Bb7 49. Bb1 Be4 50. Ke3 Bg2 51. Bxd3 g5 52. Kf2 Bxh3 53. Be2 gxf4 54. Bxf4 Bd8 55. Kg1 1-0

[Event "Novi Sad TS Mix 223rd"]
[Site "Novi Sad"]
[Date "2021.11.20"]
[Round "7"]
[White "Markovic, Miroslav"]
[Black "Isha, Sharma"]
[Result "1-0"]
[WhiteElo "2302"]
[BlackElo "2185"]
[PlyCount "107"]
[EventDate "2021.11.16"]
[EventType "swiss"]
[EventRounds "9"]
[EventCountry "SRB"]
[SourceTitle "CBM 205 Extra"]
[Source "ChessBase"]
[SourceDate "2022.01.31"]
[SourceVersion "1"]
[SourceVersionDate "2022.01.31"]
[SourceQuality "1"]

1. Nf3 Nf6 2. d3 d5 3. Nbd2 Bf5 4. c4 c6 5. cxd5 cxd5 6. e4 Bg6 7. Ne5 Qc7 8. Qa4+ Nbd7 9. Ndf3 a6 10. Bf4 b5 11. Qd4 Qb7 12. Nxg6 hxg6 13. e5 Ng8 14. e6 fxe6 15. Rc1 Rc8 16. Rxc8+ Qxc8 17. Be2 e5 18. Bxe5 Ngf6 19. 0-0 e6 20. Bg3 Qc5 21. Qf4 Qc2 22. Re1 Qxb2 23. Bf1 e5 24. Qg5 Kf7 25. Re2 Qc3 26. Bxe5 Qxd3 27. Qc1 Qf5 28. Qc6 Nc5 29. Bb2 Kg8 30. h3 Qd7 31. Qa8 Qb7 32. Qxb7 Nxb7 33. Re6 Nc5 34. Rc6 Nfe4 35. Ne5 Rh6 36. Ng4 Rh5 37. Bd4 Na4 38. Rxa6 Nac3 39. Ra8 b4 40. f3 Nd6 41. Bc5 Kf7 42. Bxb4 d4 43. Rxf8+ Kxf8 44. Bxd6+ Ke8 45. Be5 Nxa2 46. Bxg7 Rc5 47. Bxd4 Rc1 48. Kf2 Nb4 49. Ne5 Nc2 50. Bc5 g5 51. Bb5+ Kd8 52. Nf7+ Kc7 53. Nxg5 Rd1 54. Ne4 1-0

[Event "Novi Sad TS Mix 223rd"]
[Site "Novi Sad"]
[Date "2021.11.20"]
[Round "8"]
[White "Markovic, Miroslav"]
[Black "Pandey, Srishti"]
[Result "1-0"]
[WhiteElo "2302"]
[BlackElo "2066"]
[PlyCount "67"]
[EventDate "2021.11.16"]
[EventType "swiss"]
[EventRounds "9"]
[EventCountry "SRB"]
[SourceTitle "CBM 205 Extra"]
[Source "ChessBase"]
[SourceDate "2022.01.31"]
[SourceVersion "1"]
[SourceVersionDate "2022.01.31"]
[SourceQuality "1"]

1. Nf3 d5 2. d3 Nc6 3. Nbd2 e5 4. e4 Nf6 5. Be2 Be7 6. c3 0-0 7. Qc2 h6 8. Nf1 Be6 9. Ng3 Qd7 10. 0-0 Rfe8 11. b4 a6 12. a3 Bf8 13. Re1 g6 14. h3 Bg7 15. Bf1 Nh7 16. Bb2 Nf8 17. Rad1 f6 18. d4 exd4 19. cxd4 Qf7 20. Nh2 dxe4 21. d5 Bxd5 22. Rxd5 Kh7 23. Bc4 e3 24. Rxe3 Rxe3 25. fxe3 Qe7 26. Nhf1 Ne5 27. Bxe5 fxe5 28. Ne4 Nd7 29. Rd2 a5 30. Rf2 Rf8 31. Rxf8 Qxf8 32. Qd3 Qe7 33. bxa5 Nc5 34. Qd5 1-0

[Event "Novi Sad TS Mix 223rd"]
[Site "Novi Sad"]
[Date "2021.11.19"]
[Round "6"]
[White "Andreev, Konstantin1111"]
[Black "Markovic, Miroslav"]
[Result "0-1"]
[WhiteElo "2044"]
[BlackElo "2302"]
[PlyCount "96"]
[EventDate "2021.11.16"]
[EventType "swiss"]
[EventRounds "9"]
[EventCountry "SRB"]
[SourceTitle "CBM 205 Extra"]
[Source "ChessBase"]
[SourceDate "2022.01.31"]
[SourceVersion "1"]
[SourceVersionDate "2022.01.31"]
[SourceQuality "1"]

1. e4 c6 2. d4 d6 3. Nc3 Nf6 4. a4 Nbd7 5. Nf3 e5 6. Bc4 Be7 7. 0-0 h6 8. Re1 Qc7 9. a5 Nf8 10. Nh4 g6 11. a6 b5 12. Bb3 b4 13. Nb1 Bg4 14. Qd3 Nh5 15. Nf3 Ne6 16. Bxe6 Bxe6 17. c4 c5 18. dxe5 dxe5 19. Nbd2 Rd8 20. Qc2 Nf4 21. Nf1 Bg4 22. Qa4+ Kf8 23. Bxf4 exf4 24. N1d2 g5 25. Qa5 Qd6 26. e5 Qe6 27. Rad1 Kg7 28. Ne4 Rxd1 29. Rxd1 Qxc4 30. Qc7 Rd8 31. Nd6 Qc2 32. Re1 Rd7 33. Qc6 b3 34. Ne8+ Kh7 35. Nf6+ Bxf6 36. exf6 Rd1 37. Qe8 Rxe1+ 38. Nxe1 Qg6 39. Qe7 Be6 40. Qxa7 Qb1 41. h3 Qxe1+ 42. Kh2 Qxf2 43. Qb7 Qg3+ 44. Kg1 Qe1+ 45. Kh2 Qe5 46. Qf3 Bd5 47. Qd3+ Qe4 48. Qd2 f3 0-1

[Event "Novi Sad TS Mix 220th"]
[Site "Novi Sad"]
[Date "2021.11.05"]
[Round "5"]
[White "Audi, Ameya"]
[Black "Markovic, Miroslav"]
[Result "0-1"]
[WhiteElo "2378"]
[BlackElo "2302"]
[PlyCount "123"]
[EventDate "2021.11.02"]
[EventType "swiss"]
[EventRounds "10"]
[EventCountry "SRB"]
[SourceTitle "CBM 205 Extra"]
[Source "ChessBase"]
[SourceDate "2022.01.31"]
[SourceVersion "1"]
[SourceVersionDate "2022.01.31"]
[SourceQuality "1"]

1. e4 d5 2. exd5 Nf6 3. d4 Bg4 4. Nf3 Qxd5 5. Be2 Nc6 6. c4 Qh5 7. h3 0-0-0 8. Be3 e5 9. d5 e4 10. Ng5 Bxe2 11. Qxe2 Ne5 12. Qxh5 Nxh5 13. Nd2 Bb4 14. b3 Rhe8 15. 0-0-0 Bxd2+ 16. Rxd2 h6 17. Nxe4 Nxc4 18. bxc4 Rxe4 19. Rc2 Nf4 20. g3 Nd3+ 21. Kb1 Ne5 22. Rhc1 b6 23. Rc3 Kb7 24. a4 c6 25. dxc6+ Nxc6 26. Kb2 g5 27. c5 Rb4+ 28. Ka3 b5 29. axb5 Rxb5 30. Rb3 Ka6 31. g4 Rxb3+ 32. Kxb3 Kb5 33. Kc3 a5 34. Rh1 Nb4 35. Bd4 Re8 36. h4 Re2 37. Be3 a4 38. hxg5 hxg5 39. Bd2 Re4 40. Bxg5 Rxg4 41. Be3 Rc4+ 42. Kb2 Rc2+ 43. Ka1 a3 44. Bc1 Ka4 45. Bxa3 Ra2+ 46. Kb1 Rxa3 47. Rh4 Rb3+ 48. Kc1 Rc3+ 49. Kd2 Rxc5 50. Rf4 Rc7 51. Ke3 Kb5 52. Rf5+ Kc4 53. Ke4 Nc6 54. Rf4 Kc5 55. Kf5 Kd5 56. Kf6 Ne5 57. Ra4 Rc6+ 58. Kf5 Nd7 59. Ra2 Rf6+ 60. Kg5 Rf3 61. Re2 f6+ 62. Kh6 0-1